| 000 | 00910nam a22002897a 4500 | ||
|---|---|---|---|
| 003 | CHAP | ||
| 005 | 20220329133549.0 | ||
| 008 | 971013s1971 r 00010 d | ||
| 010 | _a7935 | ||
| 011 | _a8907 | ||
| 035 | _a8139 | ||
| 040 | _cCHAP | ||
| 082 |
_a612.015 _bH3Y 1969 |
||
| 100 | 0 | 0 |
_aHarper, Harold A. _952808 |
| 245 | _aManual de química fisiológica | ||
| 260 |
_aMéxico, D.F. : _bEl Manual Moderno, _c1971 |
||
| 300 |
_a621 p. _b: ilus |
||
| 500 | _aTrad. de : Review of physiological chemistry 12 ed. de 1969 | ||
| 590 |
_aBATCH-UPD _b10 _c20130110 _lUCH01 _h1715 |
||
| 590 |
_aBATCH-UPD _b10 _c20130410 _lUCH01 _h1100 |
||
| 590 |
_aBATCH-UPD _b10 _c20130914 _lUCH01 _h1912 |
||
| 590 |
_aCONVERSION _b10 _c20130109 _lUCH01 _h1305 |
||
| 650 | 1 | 4 |
_aQuímica fisiológica. _993592 |
| 901 | _aBK | ||
| 942 | _cLIBRO | ||
| 949 |
_a612.015 H3Y 1969 _bBC _cLIBRO _d33724000011581 _eLIBRO _h84013 _i8139 _mD _so |
||
| 999 |
_c7935 _d7935 |
||